[Event "C.to Provinciale CO"]
[Site "Como ITA"]
[Date "2012.01.28"]
[Round "4"]
[White "Revinelli, Sergio"]
[Black "Crippa, Matteo"]
[WhiteElo "1874"]
[BlackElo "1508"]
[Result "1-0"]
[PlyCount "71"]
[EventDate "2012.01.21"]

1. e4 e5 2. Nf3 Nc6 3. Bc4 Nf6 4. Ng5 d5 5. exd5 Na5 6. Bb5+ c6 7. dxc6 bxc6 8.
Be2 h6 9. Nf3 e4 10. Ne5 Bd6 11. d4 exd3 12. Nxd3 O-O 13. b3 Re8 14. O-O Qc7
15. h3 Nh7 16. Nc3 Re6 17. Bf3 Rg6 18. Kh1 Rb8 19. Ne4 Bd7 20. Nxd6 Qxd6 21.
Bf4 Qf8 22. Bxb8 Qxb8 23. Qe1 Nb7 24. Ne5 Rd6 25. Nxd7 Rxd7 26. Rd1 Rc7 27. Qe5
Nf6 28. Rfe1 Qc8 29. Bg4 Nxg4 30. hxg4 Kf8 31. Qf5 g6 32. Qxc8+ Rxc8 33. Rd7
Nc5 34. Rxa7 Ne6 35. Rd1 Nd8 36. Rdd7 1-0

[Event "C.to Provinciale CO"]
[Site "Como ITA"]
[Date "2012.01.28"]
[Round "4"]
[White "Rossini, Fulvio"]
[Black "Mason, Giovanni"]
[WhiteElo "1616"]
[BlackElo "1714"]
[Result "0-1"]
[PlyCount "105"]
[EventDate "2012.01.21"]

1. e4 c5 2. Nc3 Nc6 3. f4 e6 4. Nf3 a6 5. d4 cxd4 6. Nxd4 Be7 7. g3 b5 8. Nxc6
dxc6 9. Qxd8+ Bxd8 10. Bg2 Ne7 11. Be3 O-O 12. Rd1 f5 13. e5 Nd5 14. Nxd5 cxd5
15. Rxd5 exd5 16. Bxd5+ Be6 17. Bxe6+ Kh8 18. Bc5 Re8 19. Bf7 Bc7 20. Bxe8 Rxe8
21. Ke2 Re6 22. Rd1 Kg8 23. Rd7 Rc6 24. b4 Bb6 25. Rd6 Rxd6 26. exd6 Bd8 27.
Kd3 Kf7 28. c4 Ke6 29. h4 h5 30. a4 bxa4 31. Kc2 Bf6 32. Kb1 Kd7 33. b5 axb5
34. cxb5 Bd8 35. Ka2 Ba5 36. Ka3 Be1 37. Kxa4 Bxg3 38. Ka5 Bxh4 39. b6 Bd8 40.
Kb5 Bxb6 41. Bxb6 Kxd6 42. Bd8 Kd5 43. Bg5 Ke4 44. Kc5 h4 45. Bxh4 Kxf4 46. Kd4
g5 47. Bxg5+ Kxg5 48. Ke3 Kg4 49. Kf2 Kf4 50. Ke2 Kg3 51. Kf1 Kf3 52. Kg1 Ke2
53. Kg2 0-1

[Event "C.to Provinciale CO"]
[Site "Como ITA"]
[Date "2012.01.29"]
[Round "5"]
[White "Bassoli, Andrea D."]
[Black "Pede, Lucio"]
[WhiteElo "1518"]
[BlackElo "1831"]
[Result "1/2-1/2"]
[PlyCount "114"]
[EventDate "2012.01.21"]

1. e4 e5 2. Nf3 Nc6 3. Bb5 a6 4. Ba4 b5 5. Bb3 d6 6. O-O Na5 7. c3 Nxb3 8. Qxb3
Be6 9. Qc2 Bg4 10. d4 Bxf3 11. gxf3 Qf6 12. Qe2 exd4 13. cxd4 Qxd4 14. Be3 Qc4
15. Qxc4 bxc4 16. Rc1 d5 17. exd5 O-O-O 18. Nc3 Nf6 19. Bf4 Bd6 20. Bxd6 Rxd6
21. Ne4 Rxd5 22. Nxf6 gxf6 23. Rxc4 Rhd8 24. Rac1 Rd1+ 25. Rxd1 Rxd1+ 26. Kg2
Rd2 27. Rc6 Rd6 28. Rxd6 cxd6 29. f4 Kc7 30. Kf3 Kc6 31. Ke3 Kc5 32. Kd3 f5 33.
a3 Kb5 34. b3 Kc5 35. Kc3 d5 36. b4+ Kb5 37. Kb3 Kb6 38. a4 Kc6 39. Kc3 Kd6 40.
Kd4 Kc6 41. b5+ axb5 42. axb5+ Kxb5 43. Kxd5 Kb6 44. Kd6 Kb5 45. Ke7 Kc4 46.
Kxf7 Kd4 47. Kf6 Ke4 48. h4 Kxf4 49. h5 Kg4 50. f3+ Kxh5 51. Kxf5 Kh4 52. f4
Kg3 53. Ke5 h5 54. f5 h4 55. f6 h3 56. f7 h2 57. f8=Q h1=Q 1/2-1/2

[Event "C.to Provinciale CO"]
[Site "Como ITA"]
[Date "2012.01.29"]
[Round "5"]
[White "Bettinelli, Sergio"]
[Black "Cacia, Vincenzo"]
[WhiteElo "1284"]
[BlackElo "1392"]
[Result "1-0"]
[PlyCount "59"]
[EventDate "2012.01.21"]

1. e4 e5 2. d4 Nc6 3. Nf3 f6 4. c4 Bb4+ 5. Nc3 d6 6. a3 Ba5 7. Be2 Bg4 8. O-O
Bxf3 9. Bxf3 Nxd4 10. b4 Bb6 11. Nd5 Nxf3+ 12. Qxf3 Bd4 13. Rb1 c6 14. Ne3 Ne7
15. Nf5 Rg8 16. Qg4 g6 17. Nh6 Rg7 18. Be3 Qd7 19. Qf3 Qe6 20. c5 O-O-O 21. Qe2
f5 22. b5 dxc5 23. bxc6 Nxc6 24. Qb5 fxe4 25. Bg5 Rdd7 26. Bd2 Qh3 27. g3 b6
28. Qxc6+ Rc7 29. Qxe4 Qd7 30. Qa8# 1-0

[Event "C.to Provinciale CO"]
[Site "Como ITA"]
[Date "2012.01.29"]
[Round "5"]
[White "Coppola, Guido"]
[Black "Bernasconi, Roberto"]
[WhiteElo "1987"]
[BlackElo "1925"]
[Result "1-0"]
[PlyCount "69"]
[EventDate "2012.01.21"]

1. e4 e5 2. Nf3 Nf6 3. d3 Nc6 4. g3 d5 5. Nbd2 dxe4 6. dxe4 Bd6 7. Bg2 O-O 8.
O-O Qe7 9. c3 a5 10. Qc2 Bc5 11. Nc4 Ne8 12. Ne3 Bxe3 13. Bxe3 Nd6 14. Rad1 Be6
15. b3 Rad8 16. h3 h6 17. Ne1 g5 18. Qe2 f6 19. Nd3 Qe8 20. Kh2 Qg6 21. Bc5 Rf7
22. f4 Bc8 23. Bf3 Re7 24. Bh5 Qg7 25. Qf3 b6 26. Ba3 Ba6 27. Rf2 Red7 28. fxe5
fxe5 29. Bg4 Re7 30. Qe3 Ree8 31. c4 Nd4 32. Nxe5 Nxe4 33. Qxe4 Rxe5 34. Rxd4
Rxd4 35. Qxd4 1-0

[Event "C.to Provinciale CO"]
[Site "Como ITA"]
[Date "2012.01.29"]
[Round "5"]
[White "Gonella, Graziano"]
[Black "Crippa, Matteo"]
[WhiteElo "1214"]
[BlackElo "1508"]
[Result "0-1"]
[PlyCount "112"]
[EventDate "2012.01.21"]

1. d4 d5 2. c4 Nf6 3. g3 a6 4. Bg2 c6 5. Nf3 dxc4 6. O-O Bf5 7. a4 e6 8. Nh4
Bg6 9. Nxg6 hxg6 10. Qc2 Bd6 11. f3 Nh5 12. Qxc4 Nd7 13. Nc3 Qe7 14. Ne4 Bc7
15. b4 O-O 16. Nc5 Nxc5 17. bxc5 Rfd8 18. Rd1 Rd5 19. e4 Rd7 20. e5 Bxe5 21.
Bb2 Bc7 22. Ra3 Rad8 23. Rb3 Bb8 24. Rdd3 Ba7 25. Bc3 Bxc5 26. Bb2 Ba7 27. g4
Nf4 28. Rd2 Qg5 29. Rd1 Qf6 30. Kf1 Bxd4 31. Rd2 Bxb2 32. Rxd7 Rxd7 33. Qc2 Be5
34. Qb1 Qe7 35. h3 b5 36. axb5 cxb5 37. Kg1 Rd2 38. Qf1 Rxg2+ 39. Qxg2 Nxg2 40.
Kxg2 Qh4 41. f4 Bxf4 42. Rf3 e5 43. Kf1 Qd8 44. Ke2 Qd2+ 45. Kf1 b4 46. Rf2 b3
47. Rxd2 Bxd2 48. Ke2 Bc1 49. Kd3 b2 50. Kc2 a5 51. Kb1 a4 52. g5 e4 53. h4 e3
54. Ka2 e2 55. Ka3 e1=Q 56. Kxa4 b1=Q 0-1

[Event "C.to Provinciale CO"]
[Site "Como ITA"]
[Date "2012.01.29"]
[Round "5"]
[White "Guzzetti, Luigi Enrico"]
[Black "Gonella, Daniele"]
[WhiteElo "1905"]
[BlackElo "2100"]
[Result "1/2-1/2"]
[PlyCount "66"]
[EventDate "2012.01.21"]

1. e4 e5 2. Nf3 Nc6 3. Bb5 a6 4. Ba4 Nf6 5. O-O b5 6. Bb3 Nxe4 7. Re1 d5 8. d3
Nf6 9. Nxe5 Nxe5 10. Rxe5+ Be6 11. Bg5 Bd6 12. Re1 O-O 13. Nc3 c6 14. Qf3 Re8
15. Bxf6 Qxf6 16. Qxf6 gxf6 17. Ne2 c5 18. c3 a5 19. a4 Reb8 20. Rab1 Ra7 21.
axb5 Rxb5 22. Ba4 Rb6 23. b3 Bf5 24. Rbd1 Bd7 25. Bxd7 Rxd7 26. Ra1 Rxb3 27.
Rxa5 Re7 28. Kf1 Kg7 29. d4 Rc7 30. g3 Rb6 31. dxc5 Rxc5 32. Rxc5 Bxc5 33. Rd1
Rd6 1/2-1/2

[Event "C.to Provinciale CO"]
[Site "Como ITA"]
[Date "2012.01.29"]
[Round "5"]
[White "Lancianese, Giuseppe"]
[Black "Carbone, Lorenzo"]
[WhiteElo "1730"]
[BlackElo "1698"]
[Result "1/2-1/2"]
[PlyCount "41"]
[EventDate "2012.01.21"]

1. d4 d5 2. Nf3 e6 3. Bf4 Nf6 4. e3 Be7 5. c4 b6 6. Bd3 h6 7. h3 Bb7 8. O-O O-O
9. Nc3 c6 10. b3 Nbd7 11. Qe2 a5 12. Nd2 Ba3 13. Nf3 Be7 14. Rad1 Re8 15. Ne5
Bb4 16. Rc1 Bxc3 17. Rxc3 c5 18. Bg3 cxd4 19. exd4 Ne4 20. Bxe4 dxe4 21. Qh5
1/2-1/2

[Event "C.to Provinciale CO"]
[Site "Como ITA"]
[Date "2012.01.29"]
[Round "5"]
[White "Mason, Giovanni"]
[Black "Petetta, Roberto"]
[WhiteElo "1714"]
[BlackElo "1650"]
[Result "0-1"]
[PlyCount "92"]
[EventDate "2012.01.21"]

1. e4 c5 2. Nf3 d6 3. d4 cxd4 4. Nxd4 Nc6 5. Nc3 Nf6 6. f4 Bd7 7. Be2 e6 8. Be3
Be7 9. Ndb5 Bc8 10. Qd2 a6 11. Nd4 Bd7 12. O-O-O O-O 13. Bf3 Qc7 14. g4 Nxd4
15. Bxd4 e5 16. Be3 Bxg4 17. Bxg4 Nxg4 18. Nd5 Qd8 19. Bb6 Qd7 20. Nxe7+ Qxe7
21. Qxd6 Qxd6 22. Rxd6 exf4 23. h3 Ne5 24. b3 Rfe8 25. Rhd1 f6 26. Rg1 Kf7 27.
Rf1 g5 28. Rfd1 Rac8 29. Bd4 Re6 30. Bxe5 fxe5 31. R6d5 Rc3 32. R1d3 Rxd3 33.
Rxd3 h5 34. c4 g4 35. Kd2 g3 36. Ke1 h4 37. Kf1 Ke7 38. Kg2 Rg6 39. a4 Rd6 40.
Rd5 Ke6 41. a5 Rd7 42. Rxd7 Kxd7 43. b4 Kc6 44. Kf3 b6 45. axb6 Kxb6 46. Kg2 a5
0-1

[Event "C.to Provinciale CO"]
[Site "Como ITA"]
[Date "2012.01.29"]
[Round "5"]
[White "Moroni, Luca jr"]
[Black "Cocconcelli, Lorenzo"]
[WhiteElo "2061"]
[BlackElo "1941"]
[Result "0-1"]
[PlyCount "96"]
[EventDate "2012.01.21"]

1. e4 e6 2. d4 d5 3. e5 c5 4. c3 Nc6 5. Nf3 Qb6 6. a3 c4 7. Nbd2 Na5 8. g3 Bd7
9. h4 Ne7 10. Bh3 h6 11. Kf1 Nc8 12. Kg2 Qc7 13. Nh2 Nb6 14. f4 Be7 15. Qf3 g6
16. h5 O-O-O 17. hxg6 fxg6 18. Nhf1 Rdf8 19. Ne3 h5 20. g4 Bg5 21. gxh5 gxh5
22. f5 Bxe3 23. Qxe3 exf5 24. e6 Be8 25. e7 Rf7 26. Re1 Rg8+ 27. Kh1 Rg3 28.
Qe6+ Kb8 29. Bxf5 Qf4 30. Qe5+ Qxe5 31. Rxe5 Nc6 32. Ne4 dxe4 33. Rxe4 Rf3 34.
Bf4+ Rxf4 35. Rxf4 Nxe7 36. Re1 Bc6+ 37. Kh2 Rxf5 38. Rxf5 Nxf5 39. Re5 Bd7 40.
Rc5 Na4 41. Rxc4 b5 42. Rb4 a5 43. Rb3 Nd6 44. d5 Nc5 45. Rxb5+ Bxb5 46. b4
axb4 47. cxb4 Nce4 48. Kh3 Bf1+ 0-1

[Event "C.to Provinciale CO"]
[Site "Como ITA"]
[Date "2012.01.29"]
[Round "5"]
[White "Nastasi, Ivano"]
[Black "Rossini, Fulvio"]
[WhiteElo "1713"]
[BlackElo "1616"]
[Result "1/2-1/2"]
[PlyCount "90"]
[EventDate "2012.01.21"]

1. d4 Nf6 2. c4 g6 3. Nc3 Bg7 4. e4 d6 5. Nf3 O-O 6. Bg5 Re8 7. Be2 h6 8. Bh4
Nbd7 9. O-O e5 10. dxe5 Nxe5 11. Nxe5 dxe5 12. Qxd8 Rxd8 13. Bxf6 Bxf6 14. Nd5
Kg7 15. Nxc7 Rb8 16. Rfd1 Be6 17. Nxe6+ fxe6 18. Rxd8 Rxd8 19. Rd1 Rd4 20. f3
Kf7 21. Kf2 Be7 22. Ke1 Bb4+ 23. Kf1 Bc5 24. g3 Ke7 25. a3 a5 26. Ke1 Rxd1+ 27.
Kxd1 Bg1 28. h3 Bf2 29. g4 Kf6 30. b4 axb4 31. axb4 b6 32. Bd3 Kg5 33. Ke2 Bd4
34. Kf1 Kf4 35. Kg2 Ke3 36. Bf1 Bc3 37. c5 bxc5 38. bxc5 Kd4 39. c6 Ba5 40. Bb5
g5 41. Kg3 Be1+ 42. Kg2 Ba5 43. c7 Bxc7 44. Bd7 Kd3 45. Bxe6 Ba5 1/2-1/2

[Event "C.to Provinciale CO"]
[Site "Como ITA"]
[Date "2012.01.29"]
[Round "5"]
[White "Primerano, Carlo"]
[Black "Poletto, Daniele"]
[WhiteElo "1774"]
[BlackElo "1714"]
[Result "0-1"]
[PlyCount "128"]
[EventDate "2012.01.21"]

1. d4 Nf6 2. c4 g6 3. Nc3 Bg7 4. e4 d6 5. f3 O-O 6. Be3 e5 7. d5 Nh5 8. Qd2 f5
9. O-O-O f4 10. Bf2 Bf6 11. Kb1 Bh4 12. Bd3 a5 13. c5 Bxf2 14. Qxf2 Na6 15.
cxd6 cxd6 16. Nge2 Nc5 17. Bc2 Bd7 18. g3 fxg3 19. hxg3 b5 20. Nc1 b4 21. N3e2
Qf6 22. Rdf1 a4 23. Bd1 Nxe4 24. fxe4 Qxf2 25. Rxf2 Rxf2 26. Nd3 Rxe2 27. Bxe2
Nxg3 28. Rh2 Nxe2 29. Rxe2 Bb5 30. Re3 Bxd3+ 31. Rxd3 Rf8 32. Rd1 Rf2 33. Rc1
a3 34. bxa3 bxa3 35. Rc6 Rb2+ 36. Ka1 Re2 37. Kb1 Rxe4 38. Rxd6 Rd4 39. Rd7 h5
40. Kc2 h4 41. d6 h3 42. Rd8+ Kg7 43. Rd7+ Kf6 44. Rh7 Rxd6 45. Rxh3 Ra6 46.
Kd3 Ra4 47. Kc3 Kf5 48. Kb3 Ra7 49. Kc2 g5 50. Kd2 e4 51. Ke3 Rd7 52. Ke2 Rd3
53. Rh8 Rg3 54. Rf8+ Kg4 55. Re8 Rg2+ 56. Ke3 Rxa2 57. Rxe4+ Kg3 58. Re5 g4 59.
Ra5 Ra1 60. Ke2 a2 61. Ra3+ Kg2 62. Ra4 g3 63. Ra3 Rf1 64. Kd2 a1=Q 0-1

[Event "C.to Provinciale CO"]
[Site "Como ITA"]
[Date "2012.01.29"]
[Round "5"]
[White "Rossi, Giampiero"]
[Black "Bellotto, Stefano"]
[WhiteElo "1913"]
[BlackElo "2000"]
[Result "0-1"]
[PlyCount "68"]
[EventDate "2012.01.21"]

1. d4 f5 2. Bg5 h6 3. Bh4 g5 4. Bg3 d6 5. e3 Bg7 6. h4 g4 7. c4 Nf6 8. Bd3 Nh5
9. Ne2 e5 10. Nbc3 Nc6 11. d5 Ne7 12. Qd2 O-O 13. O-O-O Bd7 14. Bc2 a6 15. c5
Qe8 16. cxd6 cxd6 17. Kb1 b5 18. a3 Qb8 19. e4 b4 20. axb4 Qxb4 21. Na2 Qb6 22.
Qb4 Rab8 23. Qxb6 Rxb6 24. Nac3 Rfb8 25. b3 Rc8 26. Rd3 Nf4 27. Bxf4 exf4 28.
f3 a5 29. exf5 Nxf5 30. fxg4 Ne3 31. Re1 Bxg4 32. Na4 Rb4 33. Bd1 Rcb8 34. Nec3
Bf5 0-1

[Event "C.to Provinciale CO"]
[Site "Como ITA"]
[Date "2012.01.29"]
[Round "5"]
[White "Villa, Giorgio"]
[Black "Revinelli, Sergio"]
[WhiteElo "1938"]
[BlackElo "1874"]
[Result "1-0"]
[PlyCount "111"]
[EventDate "2012.01.21"]

1. d4 d5 2. Nf3 Nf6 3. c4 c6 4. e3 e6 5. Bd3 Nbd7 6. O-O Bd6 7. Nc3 O-O 8. e4
dxe4 9. Nxe4 Nxe4 10. Bxe4 Nf6 11. Bc2 h6 12. Qd3 Re8 13. b3 b6 14. Bb2 g6 15.
Rfe1 Bf8 16. Ne5 Bb7 17. Nxf7 Kxf7 18. Qxg6+ Ke7 19. d5 Kd6 20. Bxf6 Qc8 21.
dxe6 b5 22. Rad1+ Kc7 23. Rd7+ Kb6 24. cxb5 Qxd7 25. Qe4 Qd5 26. Qxd5 cxd5 27.
Bg6 Bb4 28. Bd4+ Ka5 29. Re2 Rac8 30. f4 Re7 31. f5 Rg8 32. Rc2 Rxe6 33. fxe6
Rxg6 34. Rc7 Rxe6 35. Rxb7 Re4 36. Rxa7+ Kxb5 37. Rb7+ Ka5 38. Bf2 Bc3 39. Bc5
Ka6 40. Rb6+ Ka5 41. Kf2 h5 42. g3 Re8 43. b4+ Ka4 44. Rd6 Re5 45. Ra6+ Kb5 46.
Ra5+ Kc6 47. a4 d4 48. Ra6+ Kd5 49. Rd6+ Kc4 50. a5 d3 51. a6 d2 52. a7 Re8 53.
Rd7 Kb3 54. b5 Kc2 55. b6 Rf8+ 56. Bxf8 1-0

[Event "C.to Provinciale CO"]
[Site "Como ITA"]
[Date "2012.01.29"]
[Round "6"]
[White "Carbone, lorenzo"]
[Black "Primerano, Carlo"]
[WhiteElo "1698"]
[BlackElo "1774"]
[Result "1-0"]
[PlyCount "59"]
[EventDate "2012.01.21"]

1. e4 c5 2. Nf3 e6 3. d4 cxd4 4. Nxd4 Nc6 5. Nb3 Nf6 6. Bd3 a6 7. O-O Qc7 8.
Be3 Ne5 9. Bf4 d6 10. Nc3 Be7 11. h3 O-O 12. Be3 b5 13. a3 Bb7 14. Nd2 Nc4 15.
Qc1 Nxe3 16. fxe3 Rac8 17. Nf3 d5 18. exd5 Nxd5 19. Nxd5 Bxd5 20. Qe1 Bc5 21.
Kh1 Qb6 22. Bxh7+ Kxh7 23. Qh4+ Kg8 24. Ng5 Bxg2+ 25. Kxg2 Qc6+ 26. e4 Rfd8 27.
Qh7+ Kf8 28. Rxf7+ Ke8 29. Qg8+ Bf8 30. Qxf8# 1-0

[Event "C.to Provinciale CO"]
[Site "Como ITA"]
[Date "2012.01.29"]
[Round "6"]
[White "Cocconcelli, Lorenzo"]
[Black "Villa, Giorgio"]
[WhiteElo "1941"]
[BlackElo "1938"]
[Result "1/2-1/2"]
[PlyCount "84"]
[EventDate "2012.01.21"]

1. d4 d5 2. c4 c6 3. Nc3 Nf6 4. Nf3 e6 5. e3 Nbd7 6. Qc2 b6 7. cxd5 exd5 8. Bd3
Bb7 9. Bd2 Bd6 10. O-O-O c5 11. Qb1 a6 12. Rde1 O-O 13. g4 Re8 14. h4 b5 15.
Ng5 Nf8 16. f3 Rc8 17. Kd1 Qb6 18. Ne2 b4 19. Nh3 a5 20. h5 Ba6 21. Nf2 Bxd3
22. Nxd3 Ne6 23. dxc5 Bxc5 24. Nxc5 Qxc5 25. Nc1 Ng5 26. Qf5 h6 27. Rhf1 Qc7
28. Nb3 Ne6 29. Qd3 Nc5 30. Nxc5 Qxc5 31. Ke2 Qc4 32. b3 Qc2 33. Qxc2 Rxc2 34.
Ra1 Nd7 35. Rfc1 Rec8 36. Rxc2 Rxc2 37. Kd1 Rc5 38. a3 bxa3 39. Rxa3 Rb5 40.
Rxa5 Rxb3 41. Rxd5 Nf6 42. Rd4 Rb1+ 1/2-1/2

[Event "C.to Provinciale CO"]
[Site "Como ITA"]
[Date "2012.01.29"]
[Round "6"]
[White "Colombo, Luca"]
[Black "Lancianese, Giuseppe"]
[WhiteElo "1887"]
[BlackElo "1730"]
[Result "1-0"]
[PlyCount "67"]
[EventDate "2012.01.21"]

1. e4 d5 2. exd5 Nf6 3. Bb5+ Bd7 4. Bc4 c6 5. dxc6 Nxc6 6. d4 Bg4 7. f3 Bf5 8.
c3 e6 9. Ne2 Bd6 10. O-O Qc7 11. g3 O-O-O 12. Bf4 h5 13. Bxd6 Rxd6 14. Na3 a6
15. Bd3 Bh3 16. Rf2 g5 17. Nc4 Rdd8 18. Ne3 Qb6 19. Nc4 Qc7 20. b4 Nd5 21. a4
Nce7 22. Ne5 Nf5 23. Bxf5 Bxf5 24. b5 a5 25. Qb3 b6 26. c4 Nb4 27. c5 Kb7 28.
cxb6 Qxb6 29. Nxf7 Rxd4 30. Nxd4 Qxd4 31. Rd1 Nd3 32. Rxd3 Bxd3 33. Nxh8 Bc4
34. Qc2 1-0

[Event "C.to Provinciale CO"]
[Site "Como ITA"]
[Date "2012.01.29"]
[Round "6"]
[White "Falchi, Claudio"]
[Black "Rossi, Giampiero"]
[WhiteElo "1777"]
[BlackElo "1913"]
[Result "1-0"]
[PlyCount "122"]
[EventDate "2012.01.21"]

1. e4 c5 2. Nc3 e6 3. g3 Nc6 4. Bg2 g6 5. d3 Bg7 6. f4 Nge7 7. e5 O-O 8. Nf3 b6
9. Ne4 Bb7 10. Nd6 Rb8 11. O-O Ba8 12. Nd2 Nf5 13. N2e4 Nxd6 14. Nxd6 Ne7 15.
Ne4 Nf5 16. g4 Nd4 17. c3 Nc6 18. g5 Ne7 19. Nf6+ Bxf6 20. gxf6 Nf5 21. Be4 Qc7
22. Qg4 h5 23. Qg5 Kh7 24. Rf3 Rh8 25. Rh3 Kg8 26. Qg2 Bc6 27. Be3 Qb7 28. Kf2
Rc8 29. Rg1 c4 30. Bxc6 Qxc6 31. Qxc6 Rxc6 32. dxc4 Rxc4 33. Rd1 Rc7 34. Bc1
Kh7 35. Rhd3 Rd8 36. b3 d5 37. exd6 Rcd7 38. Ba3 Nh6 39. c4 Ng4+ 40. Kg3 Nxf6
41. Kf3 Kg8 42. b4 Rc8 43. c5 bxc5 44. bxc5 Rc6 45. h3 Nd5 46. Rxd5 exd5 47.
Rxd5 f6 48. Rd3 Kf7 49. Ke4 Ke6 50. Re3 Rf7 51. Kd4+ Kd7 52. Rb3 Ke6 53. Re3+
Kd7 54. Kd5 Ra6 55. Rb3 Rf8 56. Rb7+ Kc8 57. c6 Rxa3 58. d7+ Kd8 59. Rb8+ Ke7
60. Rxf8 Rd3+ 61. Kc4 Kxf8 1-0

[Event "C.to Provinciale CO"]
[Site "Como ITA"]
[Date "2012.01.29"]
[Round "6"]
[White "Gonella, Daniele"]
[Black "Bellotto, Stefano"]
[WhiteElo "2100"]
[BlackElo "2000"]
[Result "1-0"]
[PlyCount "55"]
[EventDate "2012.01.21"]

1. e4 c5 2. Nf3 e6 3. c3 d5 4. exd5 Qxd5 5. d4 cxd4 6. cxd4 Nc6 7. a3 Nf6 8.
Nc3 Qd8 9. Bc4 Be7 10. O-O O-O 11. Re1 a6 12. Qd3 g6 13. Bh6 Re8 14. Rad1 Nd5
15. Ba2 Nxc3 16. Qxc3 Bf6 17. Qb3 Na5 18. Qe3 Bd7 19. Qf4 Ba4 20. Bg5 Kg7 21.
Rc1 Bb3 22. Bxb3 Nxb3 23. Rc7 Nxd4 24. Bxf6+ Qxf6 25. Qxf6+ Kxf6 26. Nxd4 Rad8
27. Nf3 b5 28. Ne5 1-0

[Event "C.to Provinciale CO"]
[Site "Como ITA"]
[Date "2012.02.29"]
[Round "6"]
[White "Guzzetti, luigi Enrico"]
[Black "Coppola, Guido"]
[WhiteElo "1905"]
[BlackElo "1987"]
[Result "1-0"]
[PlyCount "125"]
[EventDate "2012.01.21"]

1. e4 c5 2. Nf3 d6 3. d4 cxd4 4. Nxd4 Nf6 5. Nc3 a6 6. Be2 e5 7. Nb3 Be7 8. Be3
Qc7 9. O-O Be6 10. a4 O-O 11. Qd2 Nbd7 12. f3 Rfd8 13. a5 Nc5 14. Nd5 Bxd5 15.
exd5 Nfd7 16. Nxc5 dxc5 17. c4 Bd6 18. g3 Rab8 19. Rfc1 Re8 20. Qc2 e4 21. f4
Nf6 22. Qd2 Qc8 23. b4 h5 24. Qe1 Ng4 25. Bxg4 hxg4 26. Rab1 f5 27. Qd2 Qc7 28.
Qf2 Rec8 29. Qd2 b6 30. axb6 Rxb6 31. Qf2 Rbb8 32. Bxc5 Bxc5 33. Qxc5 Qxc5+ 34.
bxc5 Rxb1 35. Rxb1 Rxc5 36. Rb4 Ra5 37. Kf2 Kf7 38. Ke3 Ra3+ 39. Kd4 Rd3+ 40.
Ke5 e3 41. Rb1 a5 42. c5 a4 43. c6 e2 44. Re1 Re3+ 45. Kd6 a3 46. c7 Re8 47.
Rxe2 Rxe2 48. c8=Q a2 49. Qxf5+ Kg8 50. Qc8+ Kf7 51. Qa6 Rxh2 52. Kd7 Kg8 53.
Ke7 Re2+ 54. Kd6 Kf8 55. Kc5 Rc2+ 56. Kd4 Ke7 57. Ke5 Re2+ 58. Kf5 Rd2 59. Kxg4
Kd7 60. f5 Rf2 61. Kg5 Rh2 62. g4 Kd8 63. Qa5+ 1-0

[Event "C.to Provinciale CO"]
[Site "Como ITA"]
[Date "2012.01.29"]
[Round "6"]
[White "Petetta, Roberto"]
[Black "Moroni, Luca jr"]
[WhiteElo "1650"]
[BlackElo "2061"]
[Result "0-1"]
[PlyCount "108"]
[EventDate "2012.01.21"]

1. e4 c5 2. Nf3 d6 3. d4 cxd4 4. Nxd4 Nf6 5. Nc3 a6 6. f3 b5 7. Be3 e6 8. Qd2
Be7 9. Be2 Nbd7 10. Nc6 Qc7 11. Nxe7 Kxe7 12. O-O Ne5 13. a3 Rd8 14. Rfd1 Bb7
15. Rac1 Rab8 16. Qe1 Ba8 17. Qf2 h6 18. Qg3 Kf8 19. Na2 Bb7 20. Qf2 Bc8 21. b3
d5 22. exd5 Nxd5 23. Bc5+ Kg8 24. c4 bxc4 25. Bxc4 Nf4 26. Nb4 Nxf3+ 27. Qxf3
Qxc5+ 28. Kf1 Rxd1+ 29. Rxd1 Qg5 30. Nc6 Bb7 31. Rd4 Nxg2 32. Qxg2 Qxg2+ 33.
Kxg2 Bxc6+ 34. Kf2 Bb5 35. b4 Rc8 36. Bxb5 axb5 37. Rd3 Kf8 38. Kg3 Ke7 39. h3
Rc4 40. Kf3 e5 41. Kg3 Ke6 42. Kf2 f5 43. Kg2 f4 44. Kf2 e4 45. Rb3 Rc2+ 46.
Kg1 f3 47. Re3 Ke5 48. Kh1 Kf4 49. Re1 f2 50. Rf1 Kg3 51. h4 e3 52. h5 Rc4 53.
Rxf2 exf2 54. a4 f1=Q# 0-1

[Event "C.to Provinciale CO"]
[Site "Como ITA"]
[Date "2012.01.29"]
[Round "6"]
[White "Poletto, Daniele"]
[Black "Bernasconi, Roberto"]
[WhiteElo "1714"]
[BlackElo "1925"]
[Result "1/2-1/2"]
[PlyCount "47"]
[EventDate "2012.01.21"]

1. c4 e5 2. Nc3 Nf6 3. g3 Nc6 4. Bg2 Be7 5. a3 d6 6. d3 O-O 7. e4 Ne8 8. Nge2
f5 9. f4 Nf6 10. O-O fxe4 11. dxe4 Bg4 12. h3 Bxe2 13. Nxe2 Qe8 14. f5 Qf7 15.
b3 a5 16. a4 Nb4 17. Ba3 Na6 18. Nc3 c6 19. Qe2 Rfd8 20. Rfd1 Rd7 21. Rd2 Rad8
22. Rad1 Nc7 23. Kh2 h6 24. Bf3 1/2-1/2

[Event "C.to Provinciale CO"]
[Site "Como ITA"]
[Date "2012.01.29"]
[Round "6"]
[White "Revinelli, Sergio"]
[Black "Bassoli, Andrea D."]
[WhiteElo "1874"]
[BlackElo "1518"]
[Result "1/2-1/2"]
[PlyCount "72"]
[EventDate "2012.01.21"]

1. e4 d5 2. exd5 Qxd5 3. Nc3 Qa5 4. d4 Nf6 5. Bd2 c6 6. Nf3 Bg4 7. Be2 Qc7 8.
Ne5 Bxe2 9. Qxe2 e6 10. O-O Bd6 11. f4 O-O 12. Rad1 Nbd7 13. Qf3 Rad8 14. a3
Nd5 15. Ne4 Bxe5 16. fxe5 c5 17. c3 cxd4 18. cxd4 Qb6 19. Qd3 Nxe5 20. Qe2
Qxd4+ 21. Kh1 Qxb2 22. Rb1 Qxa3 23. Rxb7 h6 24. Rfb1 Nb6 25. Bb4 Qa4 26. Bxf8
Kxf8 27. Nc5 Qd4 28. Nb3 Qd5 29. Rxa7 Nd3 30. Qf3 Qxf3 31. gxf3 Nd5 32. Rba1
Rd6 33. R1a6 Ne3 34. Rxd6 Nf2+ 35. Kg1 Nh3+ 36. Kh1 Nf2+ 1/2-1/2